High season: English for the hotel and tourist industry /

Spremljeno u:
Bibliografski detalji
Glavni autor: Harding,Keith
Daljnji autori: Henderson, Paul
Format: Knjiga
Izdano: New York : Oxford university press. 1994
Teme:
Oznake: Dodaj oznaku
Bez oznaka, Budi prvi tko označuje ovaj zapis!
Thư viện lưu trữ: Mạng thư viện Đại học Đà Nẵng
LEADER 00954nam a22002771a 4500
001 000037242
003 13537
005 20210121155825.0
008 160412s1994 000
040 |a LNN  |c LNN  |d LNN 
082 |a 428  |b HA-K 
100 |a Harding,Keith 
245 0 |a High season: English for the hotel and tourist industry /  |c Keith Harding. 
260 |c 1994  |a New York :  |b Oxford university press. 
300 |a 176p. ; :  |b ill . : ;  |c 29cm. 
650 |a High season  |a English for the hotel  |a tourist 
700 |a Henderson, Paul 
OWN |a LNN 
902 |a TKA 
AVA |a UDN50  |b LNN  |c English  |e available  |t Error 5001 Not defined in file expand_doc_bib_avail.  |f 1  |g 0  |h N  |i 0  |j AN 
999 |a From the UDN01 
AVA |a UDN50  |b LNN  |c English  |e available  |t Error 5001 Not defined in file expand_doc_bib_avail.  |f 1  |g 0  |h N  |i 0  |j AN 
TYP |a Monograph 
980 |a Mạng thư viện Đại học Đà Nẵng